| 000 | 00658nam a22001817a 4500 | ||
|---|---|---|---|
| 999 |
_c166889 _d166889 |
||
| 010 | _aENG-126165 | ||
| 020 |
_a978-93-8472-686-7 _c1495.00 |
||
| 035 | _aEN-109697 | ||
| 037 | _bDBAD/PUB | ||
| 082 | _a363.7 | ||
| 100 | _aAhluwalia,V.K | ||
| 245 |
_aEnvironment Science / _cby V.K. Ahluwalia[and]Sunita Malhotra |
||
| 260 |
_aNew Delhi _bAne Books Pvt.Ltd. _c2018 |
||
| 270 |
_a4821,Parwana Bhawan,1st Floor24 Ansari Road, Darya Ganj _bNew Delhi _e110002 _k+91(011)23276843 _l+91(011)23276863 _mkapoor@anebooks.com |
||
| 300 |
_axviii358p. _c24cm(hb) _bill |
||
| 500 | _ait includes Index and Bibliography | ||
| 942 |
_2ddc _cEN _h363.7 _mAHL |
||